Monohardi baseline survey Volume-II.

Podrobná bibliografie
Korporativní autor: Bangladesh Rural Advancement Committee, Research and Evaluation Division
Médium: Kniha
Jazyk:English
Vydáno: Dhaka : Research and Evaluation Division, Bangladesh Rural Advancement Committee, 1980.
Témata:
Classic Catalogue: View this record in Classic Catalogue
LEADER 01240nam a22002297a 4500
001 29270
003 BD-DhAAL
005 20260128105802.0
008 150709s1980 bg ||||| |||| 00| 0 eng d
040 |a BD-DhAAL  |c BD-DhAAL 
082 |a 305.42095492  |2 22 
245 |a Monohardi baseline survey  |g 1980,  |n Volume-II. 
260 |a Dhaka :  |b Research and Evaluation Division, Bangladesh Rural Advancement Committee,  |c 1980. 
300 |a 92 pages :  |c 34 cm. 
541 |a Complimentary copy from BRAC  |e 29270 
650 |a BRAC (Bangladesh Rural Advancement Committee).  |9 7235 
710 |a Bangladesh Rural Advancement Committee,  |b Research and Evaluation Division.  |9 12971 
852 |a Ayesha Abed Library  |b General Stacks 
942 |2 ddc  |c BK 
999 |c 34998  |d 34998 
952 |0 0  |1 0  |2 ddc  |4 0  |6 305_420954920000000_MON  |7 1  |8 RPT  |9 54876  |a BRACUL  |b BRACUL  |c BRS  |d 2015-07-09  |e Complimentary copy from BRAC  |l 1  |m 1  |o 305.42095492 MON  |p 3010029270  |r 2025-12-30  |s 2025-03-23  |t 1  |w 2015-07-09  |y BK  |x BRAC ; price not available in register 
952 |0 0  |1 0  |2 ddc  |4 0  |6 305_420954920000000_MON  |7 1  |8 RPT  |9 55674  |a BRACUL  |b BRACUL  |c BRS  |d 2015-09-01  |e Complimentary copy from BRAC  |l 1  |o 305.42095492 MON  |p 3010029269  |r 2025-12-30  |s 2025-03-23  |t 2  |w 2015-09-01  |y BK  |x BRAC ; price not available in register